[Event "LSS CP-2008-P-00058"]
[Site "LSS email"]
[Date "2008.10.03"]
[Round "?"]
[White "Meijer, Kees"]
[Black "Balcazar Novoa, Luis Marcos"]
[Result "0-1"]
[WhiteElo "1800"]
[BlackElo "2116"]
[PlyCount "78"]
[EventDate "2008.10.01"]
[EventType "tourn (corr)"]
[EventRounds "6"]
[EventCountry "GER"]
[SourceTitle "Corr 2011"]
[Source "ChessBase"]
[SourceDate "2010.08.31"]
[SourceVersion "1"]
[SourceVersionDate "2010.08.31"]
[SourceQuality "1"]

1. d4 Nf6 2. Nf3 g6 3. c4 Bg7 4. Nc3 d5 5. cxd5 Nxd5 6. e4 Nxc3 7. bxc3 0-0 8. Ba3 b6 9. Bc4 Bb7 10. 0-0 c5 11. Qe2 Qc7 12. Rac1 Nc6 13. Rfd1 Na5 14. Bb5 Rfd8 15. Qe3 Rac8 16. dxc5 Rxd1+ 17. Rxd1 bxc5 18. Bxc5 a6 19. Bb6 Nc4 20. Bxc4 Qxc4 21. Bd4 f6 22. Rb1 Ba8 23. Nd2 Qxa2 24. c4 Rd8 25. Bc3 Qc2 26. Ba5 Rd3 27. Qb6 Kf7 28. e5 fxe5 29. Qb2 Qa4 30. Qb4 Qd7 31. c5 Qd5 32. f3 Bh6 33. Ne4 Be3+ 34. Kh1 Rd1+ 35. Rxd1 Qxd1+ 36. Qe1 Qxe1+ 37. Bxe1 Bxe4 38. fxe4 Bxc5 39. Ba5 Ke6 0-1

[Event "LSS CP-2008-P-00058"]
[Site "LSS email"]
[Date "2008.10.01"]
[Round "?"]
[White "Frater, John"]
[Black "Meijer, Kees"]
[Result "1-0"]
[WhiteElo "800"]
[BlackElo "1799"]
[PlyCount "77"]
[EventDate "2008.10.01"]
[EventType "tourn (corr)"]
[EventRounds "6"]
[EventCountry "GER"]
[SourceTitle "Corr 2011"]
[Source "ChessBase"]
[SourceDate "2010.08.31"]
[SourceVersion "1"]
[SourceVersionDate "2010.08.31"]
[SourceQuality "1"]

1. e4 d5 2. exd5 Nf6 3. d4 e6 4. c4 exd5 5. Nf3 Bb4+ 6. Nc3 0-0 7. Be2 dxc4 8. Bxc4 Nc6 9. 0-0 Bg4 10. Be3 Qd7 11. h3 Bxf3 12. Qxf3 Nxd4 13. Qxb7 Rfb8 14. Qa6 Rb6 15. Qa4 Qxa4 16. Nxa4 Rd6 17. a3 Ba5 18. b4 Bb6 19. Rfc1 Re8 20. Nc5 h6 21. Rc3 Nf5 22. Bf4 Rd4 23. Bh2 a5 24. Bb5 Red8 25. Rb1 Rd1+ 26. Rxd1 Rxd1+ 27. Bf1 Nd4 28. Re3 axb4 29. axb4 Bxc5 30. bxc5 Nd5 31. Re8+ Kh7 32. f3 Ne6 33. Kf2 Nxc5 34. Rd8 Ne6 35. Rc8 Kg6 36. Rb8 Kf6 37. Rc8 Rd2+ 38. Ke1 Ra2 39. Bg1 1-0

[Event "LSS CP-2008-P-00058"]
[Site "LSS email"]
[Date "2008.10.01"]
[Round "?"]
[White "Meijer, Kees"]
[Black "Lindsalu, Indrek"]
[Result "0-1"]
[WhiteElo "1799"]
[BlackElo "2263"]
[PlyCount "80"]
[EventDate "2008.10.01"]
[EventType "tourn (corr)"]
[EventRounds "6"]
[EventCountry "GER"]
[SourceTitle "Corr 2011"]
[Source "ChessBase"]
[SourceDate "2010.08.31"]
[SourceVersion "1"]
[SourceVersionDate "2010.08.31"]
[SourceQuality "1"]

1. e4 e5 2. Nf3 Nc6 3. Bb5 a6 4. Bxc6 dxc6 5. 0-0 Qd6 6. d3 f6 7. Be3 Ne7 8. Qe2 Ng6 9. d4 Bg4 10. Rd1 Nh4 11. dxe5 Bxf3 12. gxf3 Qe6 13. Nd2 fxe5 14. Kh1 0-0-0 15. f4 exf4 16. Bxf4 Be7 17. Be3 g5 18. Rg1 h5 19. f3 Rhg8 20. a4 g4 21. f4 Rge8 22. Rgd1 Bf6 23. c3 Rd7 24. Rac1 c5 25. b4 Red8 26. f5 Qa2 27. b5 a5 28. Ra1 Qb2 29. e5 Bxe5 30. Bg5 Bxc3 31. Rab1 Qa2 32. Qe6 Qxe6 33. fxe6 Rxd2 34. Rxd2 Rxd2 35. Bxh4 Ra2 36. h3 Rxa4 37. e7 Kd7 38. Rd1+ Bd4 39. Re1 Ke8 40. hxg4 Ra1 0-1

[Event "LSS CP-2008-P-00058"]
[Site "LSS email"]
[Date "2008.10.01"]
[Round "?"]
[White "Szava, Miklos"]
[Black "Meijer, Kees"]
[Result "1-0"]
[WhiteElo "2176"]
[BlackElo "1799"]
[PlyCount "51"]
[EventDate "2008.10.01"]
[EventType "tourn (corr)"]
[EventRounds "6"]
[EventCountry "GER"]
[SourceTitle "Corr 2011"]
[Source "ChessBase"]
[SourceDate "2010.08.31"]
[SourceVersion "1"]
[SourceVersionDate "2010.08.31"]
[SourceQuality "1"]

1. e4 e6 2. d4 d5 3. e5 c5 4. c3 Nc6 5. Nf3 cxd4 6. cxd4 Nge7 7. Bd3 Nf5 8. Bxf5 exf5 9. Nc3 Be7 10. h4 h6 11. Qb3 a6 12. Bd2 Be6 13. Ne2 Na5 14. Qa4+ Nc6 15. 0-0 g5 16. Qb3 Rb8 17. g3 f4 18. gxf4 gxh4 19. Kh2 Qd7 20. Rg1 b5 21. Rac1 b4 22. Qe3 Bf5 23. e6 fxe6 24. Ne5 Nxe5 25. Qxe5 Kf8 26. Qxh8+ 1-0

[Event "LSS CP-2007-P-00012"]
[Site "LSS email"]
[Date "2007.10.18"]
[Round "?"]
[White "Lipsits, Sasha"]
[Black "Meijer, Kees"]
[Result "1/2-1/2"]
[WhiteElo "800"]
[BlackElo "1816"]
[PlyCount "182"]
[EventDate "2007.10.01"]
[EventType "tourn (corr)"]
[EventRounds "6"]
[EventCountry "GER"]
[SourceTitle "Corr 2011"]
[Source "ChessBase"]
[SourceDate "2010.08.31"]
[SourceVersion "1"]
[SourceVersionDate "2010.08.31"]
[SourceQuality "1"]

1. e4 e5 2. Nf3 Nc6 3. Bc4 Nf6 4. d3 d5 5. exd5 Nxd5 6. 0-0 Be7 7. Re1 f6 8. d4 Nb6 9. Bb3 a5 10. c3 a4 11. Bc2 Bg4 12. Be4 Qd7 13. h3 Bf5 14. Bxc6 bxc6 15. dxe5 Qxd1 16. Rxd1 0-0 17. Re1 Nc4 18. g4 Bd3 19. Nbd2 Nxe5 20. Nxe5 fxe5 21. Rxe5 Bf6 22. Re3 Rad8 23. Nf3 Bc4 24. g5 Rd1+ 25. Re1 Rxe1+ 26. Nxe1 Be5 27. Be3 Bd6 28. h4 Rb8 29. Bc1 Re8 30. Ng2 Re2 31. b3 axb3 32. axb3 Bxb3 33. h5 Rc2 34. g6 Bf8 35. Be3 Rxc3 36. Nf4 hxg6 37. Ra8 gxh5 38. Ng6 Kf7 39. Nxf8 Rd3 40. Nh7 Kg6 41. Rh8 Bd1 42. Kg2 Be2 43. Kg3 c5 44. Kh4 c4 45. Ng5 Rd1 46. Nh3 Rh1 47. Kg3 Bg4 48. Nf4+ Kf7 49. Kg2 Re1 50. Bd4 c5 51. Bxc5 g5 52. Rf8+ Kg7 53. Nd5 Be6 54. Rd8 Rd1 55. Nc7 Bd7 56. Ne6+ Kf6 57. Nd4 Bg4 58. f3 Rd2+ 59. Kg3 Rd3 60. Rd6+ Kf7 61. Kf2 Bh3 62. Rd5 Kg6 63. Bb6 Rd2+ 64. Ke1 Rg2 65. Rc5 h4 66. Rc6+ Kh5 67. Rxc4 Rb2 68. Bc7 Bd7 69. Be5 Ra2 70. Rc7 Ra5 71. Rxd7 Rxe5+ 72. Ne2 Rf5 73. Kf2 g4 74. f4 Kg6 75. Rd8 Kg7 76. Rd1 Rf6 77. Rg1 Rg6 78. Nd4 Kf7 79. Rh1 Rd6 80. Ne2 Rh6 81. Rg1 Rg6 82. Nd4 Kf6 83. Rb1 Kf7 84. Rb7+ Kg8 85. Kg2 Ra6 86. Rc7 Ra2+ 87. Nc2 Ra4 88. f5 Rf4 89. Ne3 h3+ 90. Kg1 g3 91. Nf1 h2+ 1/2-1/2

[Event "CFriend SI-2004-0-00035 email"]
[Site "Chessfriend.com"]
[Date "2005.06.15"]
[Round "1"]
[White "Aalderink, Gerwin"]
[Black "Meijer, Kees"]
[Result "1-0"]
[WhiteElo "1997"]
[BlackElo "1742"]
[PlyCount "139"]
[EventDate "2005.06.15"]
[EventType "tourn (corr)"]
[EventRounds "6"]
[SourceTitle "Corr 2024"]
[Source "ChessBase"]
[SourceDate "2023.10.19"]
[SourceVersion "1"]
[SourceVersionDate "2023.10.19"]
[SourceQuality "1"]

1. Nf3 f5 2. c4 Nf6 3. g3 g6 4. Bg2 Bg7 5. d4 0-0 6. 0-0 d6 7. Nc3 Qe8 8. d5 Na6 9. Rb1 Bd7 10. b4 c6 11. dxc6 Bxc6 12. Qb3 Ne4 13. Bb2 Bxc3 14. Bxc3 Nxc3 15. Qxc3 Rc8 16. Rfc1 Nc7 17. Qe3 b6 18. Rd1 Rf6 19. Qa3 Ra8 20. c5 bxc5 21. bxc5 Be4 22. Rb2 dxc5 23. Qxc5 Rc6 24. Qa5 Rd8 25. Rxd8 Qxd8 26. Rd2 Qb8 27. Bf1 Rd6 28. Rxd6 exd6 29. Nd4 Bd5 30. h3 Qb6 31. Qa4 a6 32. a3 Qb1 33. Qd7 Qe4 34. Nf3 Ne8 35. Qa7 f4 36. Qxa6 fxg3 37. fxg3 Qc2 38. Qa7 Qc5+ 39. Qxc5 dxc5 40. Bg2 Nd6 41. a4 Bc6 42. a5 Bb5 43. Ng5 Bxe2 44. Ne6 c4 45. a6 Nc8 46. Nf4 Bd1 47. Bd5+ Kg7 48. Bxc4 Kf6 49. Kf2 Bc2 50. Ke3 Ke5 51. h4 Bf5 52. Nd3+ Kd6 53. Kf4 Nb6 54. Ne5 Bc8 55. a7 Bb7 56. Bg8 Ba8 57. Bxh7 Nd5+ 58. Kg5 Kxe5 59. Bxg6 Nc7 60. Bf5 Kd6 61. h5 Ke7 62. h6 Kf7 63. Bd7 Kg8 64. g4 Kh7 65. Bf5+ Kg8 66. Kf6 Nd5+ 67. Ke5 Ne7 68. Be4 Bc6 69. a8Q+ Bxa8 70. Bxa8 1-0

[Event "CFriend SI-2004-0-00035 email"]
[Site "Chessfriend.com"]
[Date "2005.06.15"]
[Round "1"]
[White "Chovanec, Vladimir"]
[Black "Meijer, Kees"]
[Result "1-0"]
[WhiteElo "1895"]
[BlackElo "1742"]
[PlyCount "51"]
[EventDate "2005.06.15"]
[EventType "tourn (corr)"]
[EventRounds "6"]
[SourceTitle "Corr 2008"]
[Source "ChessBase"]
[SourceDate "2008.06.24"]
[SourceVersion "1"]
[SourceVersionDate "2008.06.24"]
[SourceQuality "1"]

1. Nf3 f5 2. g3 Nf6 3. Bg2 g6 4. d3 Bg7 5. 0-0 0-0 6. e4 fxe4 7. dxe4 Nc6 8. e5 Ng4 9. e6 dxe6 10. Qe2 Qd6 11. Na3 Nge5 12. c3 Qd3 13. Qxd3 Nxd3 14. Nb5 Bd7 15. Rd1 Nce5 16. Nxe5 Nxe5 17. Nxc7 Rac8 18. Rxd7 Nxd7 19. Nxe6 Rf5 20. Be3 Ra5 21. Bxb7 Rb8 22. Bc6 Ne5 23. b4 Ra6 24. Bd5 Ng4 25. Nc5+ Kh8 26. Nxa6 1-0

[Event "CFriend SI-2004-0-00035 email"]
[Site "Chessfriend.com"]
[Date "2005.06.15"]
[Round "1"]
[White "Eshuis, Hans"]
[Black "Meijer, Kees"]
[Result "0-1"]
[WhiteElo "1842"]
[BlackElo "1742"]
[PlyCount "54"]
[EventDate "2005.06.15"]
[EventType "tourn (corr)"]
[EventRounds "6"]
[SourceTitle "Corr 2008"]
[Source "ChessBase"]
[SourceDate "2008.06.24"]
[SourceVersion "1"]
[SourceVersionDate "2008.06.24"]
[SourceQuality "1"]

1. e4 e5 2. Nf3 Nf6 3. Nxe5 d6 4. Nf3 Nxe4 5. d4 d5 6. Bd3 Bd6 7. 0-0 0-0 8. c4 c6 9. cxd5 cxd5 10. Nc3 Nxc3 11. bxc3 Bg4 12. Rb1 Nd7 13. h3 Bh5 14. Rb5 Nb6 15. c4 Nxc4 16. Bxc4 Bxf3 17. Qxf3 dxc4 18. Rh5 b6 19. Qe4 g6 20. Rb5 Re8 21. Qf3 Qd7 22. Rd5 Qc6 23. Bd2 Re6 24. Re1 Rd8 25. Kh1 c3 26. Bxc3 Rxe1+ 27. Bxe1 Qc4 0-1

[Event "CFriend SI-2004-0-00035 email"]
[Site "Chessfriend.com"]
[Date "2005.06.15"]
[Round "1"]
[White "Meijer, Kees"]
[Black "Norman, Nigel"]
[Result "0-1"]
[WhiteElo "1742"]
[BlackElo "1909"]
[PlyCount "94"]
[EventDate "2005.06.15"]
[EventType "tourn (corr)"]
[EventRounds "6"]
[SourceTitle "Corr 2008"]
[Source "ChessBase"]
[SourceDate "2008.06.24"]
[SourceVersion "1"]
[SourceVersionDate "2008.06.24"]
[SourceQuality "1"]

1. e4 d5 2. exd5 Nf6 3. Bb5+ Bd7 4. Bc4 Bg4 5. f3 Bf5 6. g4 Bc8 7. Nc3 Nbd7 8. g5 Nb6 9. Bb5+ Nfd7 10. f4 Nxd5 11. Nxd5 c6 12. Bc4 cxd5 13. Bxd5 e5 14. Qe2 Bc5 15. fxe5 0-0 16. Kd1 Re8 17. e6 Kh8 18. Qg2 Nf8 19. h4 Nxe6 20. Ne2 Bd7 21. Bxb7 Rb8 22. Rf1 Nd4 23. Nxd4 Bxd4 24. Bc6 Bxc6 25. Qxc6 Bxb2 26. Bxb2 Rxb2 27. Re1 Rxe1+ 28. Kxe1 Rb8 29. Qe4 f6 30. Qf4 fxg5 31. hxg5 Qe7+ 32. Qe3 Qf7 33. Kd1 Rf8 34. Qe4 Qf1+ 35. Qe1 Qc4 36. Rb1 Qxa2 37. Kc1 a5 38. d3 a4 39. Rb4 Rc8 40. Qd2 Qa1+ 41. Rb1 Qa3+ 42. Kd1 Qc5 43. c4 a3 44. Kc2 a2 45. Ra1 Qa7 46. Qc3 Rb8 47. Rf1 Qb7 0-1

[Event "CFriend SI-2004-0-00035 email"]
[Site "Chessfriend.com"]
[Date "2005.06.15"]
[Round "1"]
[White "Meijer, Kees"]
[Black "Ouchabane, Samir"]
[Result "0-1"]
[WhiteElo "1742"]
[BlackElo "1850"]
[PlyCount "104"]
[EventDate "2005.06.15"]
[EventType "tourn (corr)"]
[EventRounds "6"]
[SourceTitle "Corr 2008"]
[Source "ChessBase"]
[SourceDate "2008.06.24"]
[SourceVersion "1"]
[SourceVersionDate "2008.06.24"]
[SourceQuality "1"]

1. e4 e5 2. Nc3 Nf6 3. g3 d5 4. exd5 Nxd5 5. Bg2 Nxc3 6. bxc3 Bd6 7. Ne2 0-0 8. 0-0 c6 9. d4 Bg4 10. Rb1 Qc7 11. f4 exd4 12. cxd4 Re8 13. Bf3 Bf5 14. Rb2 Nd7 15. c4 Nf6 16. Re1 Ba3 17. Rb3 Bd6 18. Rb2 Be4 19. Bxe4 Nxe4 20. Kg2 Qa5 21. Ng1 Bb4 22. Re3 Nd6 23. Rxe8+ Rxe8 24. Re2 Rd8 25. Qd3 Qa6 26. Rc2 b5 27. c5 Nc4 28. Qe4 Qc8 29. Nf3 f5 30. Qe2 Ba5 31. Qe7 Re8 32. Qxa7 Qe6 33. Rf2 Qd5 34. Kh3 h6 35. Ne5 Bd8 36. Nxc4 bxc4 37. Qb8 c3 38. Qb3 Qxb3 39. axb3 Bf6 40. b4 Bxd4 41. Ra2 Re1 42. Rc2 Kf7 43. Ba3 Ra1 44. Bc1 Rb1 45. Kg2 Rb2 46. Bxb2 cxb2 47. Rxb2 Bxb2 48. Kf3 Ba3 49. Ke3 Bxb4 50. Kd4 Ke6 51. Kc4 Be1 52. Kd3 Bf2 0-1

[Event "CFriend SI-2004-0-00035 email"]
[Site "Chessfriend.com"]
[Date "2005.06.15"]
[Round "1"]
[White "Meijer, Kees"]
[Black "Rattay, Walter"]
[Result "1/2-1/2"]
[WhiteElo "1742"]
[BlackElo "1751"]
[PlyCount "60"]
[EventDate "2005.06.15"]
[EventType "tourn (corr)"]
[EventRounds "6"]
[SourceTitle "Corr 2008"]
[Source "ChessBase"]
[SourceDate "2008.06.24"]
[SourceVersion "1"]
[SourceVersionDate "2008.06.24"]
[SourceQuality "1"]

1. e4 c5 2. c3 Nf6 3. e5 Nd5 4. d4 cxd4 5. Nf3 Nc6 6. Bc4 Nb6 7. Bb3 d5 8. exd6 Qxd6 9. 0-0 dxc3 10. Nxc3 Qxd1 11. Rxd1 Bg4 12. Nb5 Rc8 13. Be3 Bxf3 14. gxf3 a6 15. Bxb6 axb5 16. Rd5 e6 17. Rxb5 Bd6 18. Rd1 Ke7 19. f4 g6 20. Bd4 Nxd4 21. Rxb7+ Rc7 22. Rxc7+ Bxc7 23. Rxd4 Ra8 24. Kg2 Ra5 25. a4 Rf5 26. Rc4 Bxf4 27. Bc2 Rg5+ 28. Kh1 Be5 29. b4 Rh5 30. h4 Bf6 1/2-1/2

[Event "CFriend SI-2004-0-00029 email"]
[Site "Chessfriend.com"]
[Date "2005.01.11"]
[Round "1"]
[White "Makeyev, Alexey"]
[Black "Meijer, Kees"]
[Result "0-1"]
[WhiteElo "1915"]
[BlackElo "1742"]
[PlyCount "130"]
[EventDate "2005.01.10"]
[EventType "tourn (corr)"]
[EventRounds "6"]
[SourceTitle "Corr 2024"]
[Source "ChessBase"]
[SourceDate "2023.10.19"]
[SourceVersion "1"]
[SourceVersionDate "2023.10.19"]
[SourceQuality "1"]

1. d4 Nf6 2. c4 c5 3. d5 e5 4. Nc3 d6 5. e4 g6 6. Bd3 Bg7 7. Nge2 a6 8. 0-0 0-0 9. Ng3 Nbd7 10. f3 Ne8 11. a3 Qh4 12. Qe1 Bf6 13. Qe3 Ng7 14. Qh6 Rd8 15. Nge2 Nh5 16. g3 Qh3 17. Nd1 Bg7 18. Qg5 Nhf6 19. Nf2 Qh5 20. Qxh5 Nxh5 21. Ng4 b6 22. Bg5 Re8 23. b4 Bb7 24. Rfb1 f6 25. Bd2 f5 26. exf5 e4 27. fxe4 Bxa1 28. Rxa1 Nhf6 29. Nxf6+ Nxf6 30. Nc3 Nd7 31. bxc5 Ne5 32. Be2 bxc5 33. Rb1 Bc8 34. Rb6 gxf5 35. Rxd6 Rb8 36. Bf4 Rb3 37. Bxe5 Rxe5 38. Na4 Rb8 39. Nxc5 fxe4 40. Kf2 e3+ 41. Kf3 Bh3 42. Rf6 h5 43. Nd3 Kg7 44. Rf4 Ree8 45. c5 Rb3 46. c6 Rc3 47. Rh4 Bf5 48. Nb4 Bg4+ 49. Rxg4+ hxg4+ 50. Kxg4 Rxa3 51. Nd3 Rc3 52. Nf4 a5 53. d6 Rxc6 54. Bb5 e2 55. Nxe2 Rec8 56. d7 Rg6+ 57. Kf3 Rf8+ 58. Ke3 Kf6 59. Nd4 Rg5 60. Ba4 Rd8 61. Bc6 Ke7 62. Ke4 Kd6 63. Ba4 Re5+ 64. Kd3 Kc5 65. Nf3 Re7 0-1

[Event "CFriend SI-2004-0-00029 email"]
[Site "Chessfriend.com"]
[Date "2005.01.11"]
[Round "1"]
[White "Starace, Rodolfo"]
[Black "Meijer, Kees"]
[Result "0-1"]
[WhiteElo "1650"]
[BlackElo "1742"]
[PlyCount "50"]
[EventDate "2005.01.10"]
[EventType "tourn (corr)"]
[EventRounds "6"]
[SourceTitle "Corr 2008"]
[Source "ChessBase"]
[SourceDate "2008.06.24"]
[SourceVersion "1"]
[SourceVersionDate "2008.06.24"]
[SourceQuality "1"]

1. d4 f5 2. c4 Nf6 3. Nc3 e6 4. Qc2 Bb4 5. a3 Bxc3+ 6. Qxc3 0-0 7. Nf3 b6 8. Bg5 Bb7 9. g3 c5 10. Bg2 cxd4 11. Qxd4 Nc6 12. Qd2 Rc8 13. 0-0 Na5 14. Bxf6 Qxf6 15. Qxd7 Rfd8 16. Qa4 Rxc4 17. Qb5 Rc5 18. Qa4 Qxb2 19. Rad1 Rcc8 20. Nd4 Bxg2 21. Kxg2 Qa2 22. Qb5 Rd5 23. Qb4 Rdc5 24. h3 Qd5+ 25. Nf3 Qc6 0-1

[Event "CFriend SI-2004-0-00027 email"]
[Site "Chessfriend.com"]
[Date "2004.11.13"]
[Round "1"]
[White "Meijer, Kees"]
[Black "Kurpnieks, Vairis"]
[Result "0-1"]
[WhiteElo "1742"]
[BlackElo "2075"]
[PlyCount "102"]
[EventDate "2004.??.??"]
[EventType "tourn (corr)"]
[EventRounds "6"]
[SourceTitle "Corr 2008"]
[Source "ChessBase"]
[SourceDate "2008.06.24"]
[SourceVersion "1"]
[SourceVersionDate "2008.06.24"]
[SourceQuality "1"]

1. e4 c5 2. Nf3 Nc6 3. d4 cxd4 4. Nxd4 Nf6 5. Nc3 d6 6. Bg5 a6 7. Qd2 Bd7 8. Be2 e6 9. 0-0-0 b5 10. Nxc6 Bxc6 11. Bf3 Rc8 12. Rhe1 Qa5 13. Bxf6 gxf6 14. Kb1 Be7 15. Ne2 Qxd2 16. Rxd2 Rg8 17. Nd4 Bb7 18. g3 Rc5 19. Bh1 b4 20. f4 h5 21. Nb3 Rc7 22. Na5 Bc8 23. Bf3 h4 24. gxh4 f5 25. exf5 Rc5 26. f6 Bxf6 27. Nb7 Bxb7 28. Bxb7 Ke7 29. Red1 d5 30. Bxa6 Ra8 31. Be2 Rca5 32. c3 bxc3 33. bxc3 Bxc3 34. Rc2 Bg7 35. Rf1 Rb8+ 36. Kc1 e5 37. Rb2 Rc5+ 38. Kb1 Rxb2+ 39. Kxb2 e4+ 40. Kb3 Rc3+ 41. Kb4 Rc2 42. Bd1 Rxa2 43. Bb3 Rb2 44. Rg1 Bd4 45. Rd1 e3 46. h5 e2 47. Rh1 Bf2 48. Kc3 Rxb3+ 49. Kxb3 e1Q 50. Rxe1+ Bxe1 51. Kc2 Kf6 0-1

[Event "CFriend SI-2004-0-00027 email"]
[Site "Chessfriend.com"]
[Date "2004.11.13"]
[Round "1"]
[White "Willoughby, Peter"]
[Black "Meijer, Kees"]
[Result "0-1"]
[WhiteElo "1706"]
[BlackElo "1742"]
[PlyCount "94"]
[EventDate "2004.??.??"]
[EventType "tourn (corr)"]
[EventRounds "6"]
[SourceTitle "Corr 2008"]
[Source "ChessBase"]
[SourceDate "2008.06.24"]
[SourceVersion "1"]
[SourceVersionDate "2008.06.24"]
[SourceQuality "1"]

1. e4 c6 2. d4 d5 3. e5 Bf5 4. Nf3 e6 5. Be2 c5 6. 0-0 Nc6 7. c3 cxd4 8. Nxd4 Nxd4 9. cxd4 Ne7 10. Qb3 Nc6 11. Be3 Qd7 12. Nc3 Be7 13. Rac1 0-0 14. Qd1 Rac8 15. a3 Bg6 16. b4 a5 17. b5 Nxe5 18. dxe5 Bxa3 19. Qa4 Bxc1 20. Rxc1 Qd8 21. b6 f6 22. exf6 Qxf6 23. Nd1 Rxc1 24. Bxc1 Ra8 25. Bb2 Qe7 26. Ne3 Qb4 27. Qa1 Qxb6 28. Bg4 h5 29. Bd4 Qd6 30. Bf3 Qf8 31. Qd1 Qb4 32. Qa1 Qb1+ 33. Qxb1 Bxb1 34. Bxh5 b5 35. f4 Be4 36. Bg4 Kf7 37. f5 exf5 38. Nxf5 Bxf5 39. Bxf5 Re8 40. h4 Re7 41. h5 a4 42. g4 Re1+ 43. Kf2 Rd1 44. Bc5 Rc1 45. Bg6+ Kg8 46. Be3 Rc4 47. Bd3 b4 0-1

[Event "CFriend SI-2004-0-00026 email"]
[Site "Chessfriend.com"]
[Date "2004.10.16"]
[Round "1"]
[White "Meijer, Kees"]
[Black "Zednik, Martin"]
[Result "1/2-1/2"]
[WhiteElo "1742"]
[BlackElo "1792"]
[PlyCount "95"]
[EventDate "2004.??.??"]
[EventType "tourn (corr)"]
[EventRounds "6"]
[SourceTitle "Corr 2008"]
[Source "ChessBase"]
[SourceDate "2008.06.24"]
[SourceVersion "1"]
[SourceVersionDate "2008.06.24"]
[SourceQuality "1"]

1. e4 e5 2. Nf3 Nc6 3. Bb5 a6 4. Ba4 Nf6 5. 0-0 Be7 6. Re1 b5 7. Bb3 0-0 8. a4 b4 9. d3 d6 10. a5 Bg4 11. Be3 d5 12. Nbd2 h6 13. h3 d4 14. hxg4 dxe3 15. fxe3 Nxg4 16. Nh2 Nxh2 17. Kxh2 Bg5 18. Qh5 Nd4 19. exd4 Bxd2 20. Rf1 exd4 21. Bxf7+ Kh8 22. Rf5 Qd6+ 23. g3 g6 24. Qxg6 Qxg6 25. Bxg6 Kg7 26. Raf1 Rxf5 27. Bxf5 Re8 28. Kh3 Re5 29. Rd1 Be3 30. Ra1 Bd2 31. Bc8 b3 32. cxb3 Rxa5 33. Ra4 Rxa4 34. bxa4 a5 35. e5 Bc3 36. b3 h5 37. g4 hxg4+ 38. Kxg4 Kf7 39. Kf4 c5 40. Ke4 Ke7 41. Kd5 Bb4 42. Bf5 Ba3 43. Bh3 Bb4 44. Bc8 Kf7 45. Bd7 Ke7 46. Bb5 Ba3 47. Bc6 Bb4 48. Bb7 1/2-1/2

[Event "IECG WC.2008.P.00021 email"]
[Site "IECG email"]
[Date "2004.03.05"]
[Round "?"]
[White "Starace, Umberto"]
[Black "Meijer, Kees"]
[Result "1/2-1/2"]
[WhiteElo "1806"]
[BlackElo "1751"]
[PlyCount "29"]
[EventDate "2004.03.05"]
[EventType "tourn (corr)"]
[EventRounds "6"]
[SourceTitle "Corr 2008"]
[Source "ChessBase"]
[SourceDate "2008.06.24"]
[SourceVersion "1"]
[SourceVersionDate "2008.06.24"]
[SourceQuality "1"]

1. e4 e6 2. d4 d5 3. Nc3 Nf6 4. Bg5 Be7 5. e5 Nfd7 6. Bxe7 Qxe7 7. f4 0-0 8. Nf3 c5 9. Bd3 f6 10. exf6 Qxf6 11. g3 Nc6 12. dxc5 Nxc5 13. 0-0 Bd7 14. Qd2 Nxd3 15. Qxd3 1/2-1/2

[Event "IECG WC.2003.F.00007 email"]
[Site "IECG email"]
[Date "2003.12.20"]
[Round "?"]
[White "Bertel, Michael"]
[Black "Meijer, Kees"]
[Result "1-0"]
[WhiteElo "1782"]
[BlackElo "1752"]
[PlyCount "63"]
[EventDate "2003.12.20"]
[EventType "tourn (corr)"]
[EventRounds "14"]
[SourceTitle "Corr 2008"]
[Source "ChessBase"]
[SourceDate "2008.06.24"]
[SourceVersion "1"]
[SourceVersionDate "2008.06.24"]
[SourceQuality "1"]

1. e4 c5 2. Nf3 d6 3. d4 cxd4 4. Bb5+ Nd7 5. Qxd4 a6 6. Bc4 Ngf6 7. Nc3 e5 8. Qd3 Nc5 9. Qe2 Bg4 10. Bg5 Be7 11. h3 Bh5 12. g4 Bg6 13. Bxf6 Bxf6 14. 0-0-0 b5 15. h4 bxc4 16. h5 Nxe4 17. hxg6 Bg5+ 18. Kb1 Nxc3+ 19. bxc3 fxg6 20. Nxg5 Qxg5 21. f4 Qxf4 22. Rdf1 Qg5 23. Qxc4 Rb8+ 24. Ka1 Qe7 25. Rxh7 Rxh7 26. Qg8+ Kd7 27. Qxb8 Qe8 28. Qb7+ Ke6 29. c4 g5 30. Qd5+ Ke7 31. c5 Rh6 32. Rf5 1-0

[Event "IECG WC.2003.F.00007 email"]
[Site "IECG email"]
[Date "2003.12.20"]
[Round "?"]
[White "Shutov, Andry"]
[Black "Meijer, Kees"]
[Result "1-0"]
[WhiteElo "1739"]
[BlackElo "1752"]
[PlyCount "105"]
[EventDate "2003.12.20"]
[EventType "tourn (corr)"]
[EventRounds "14"]
[SourceTitle "Corr 2008"]
[Source "ChessBase"]
[SourceDate "2008.06.24"]
[SourceVersion "1"]
[SourceVersionDate "2008.06.24"]
[SourceQuality "1"]

1. e4 e5 2. f4 Nc6 3. Nc3 exf4 4. Nf3 Be7 5. d4 Bh4+ 6. Ke2 d6 7. Bxf4 Bg4 8. Qd3 Nge7 9. Kd2 Ng6 10. Be3 0-0 11. Nxh4 Qxh4 12. g3 Qd8 13. h3 Bd7 14. Kc1 f5 15. h4 fxe4 16. Qxe4 Qe7 17. Bd3 Bf5 18. Qxe7 Ngxe7 19. Bc4+ Kh8 20. h5 Bg4 21. Bd3 Nb4 22. Bc4 Nf5 23. Bf2 Rae8 24. d5 Ne3 25. Bxe3 Rxe3 26. a3 Na6 27. Kd2 Rxg3 28. Rh2 Nc5 29. Re1 Nd7 30. Re7 Ne5 31. Be2 Bd7 32. Ne4 Rg1 33. Nc5 dxc5 34. Rxe5 Rf5 35. Rxf5 Bxf5 36. Rh4 b6 37. b4 cxb4 38. axb4 Rg5 39. Rc4 Bh3 40. Rxc7 Rxd5+ 41. Ke1 a5 42. Rb7 g6 43. h6 Rd8 44. b5 Bf5 45. c4 a4 46. Rxb6 Ra8 47. c5 a3 48. Bc4 Bd3 49. Bd5 Rc8 50. c6 a2 51. Bxa2 Bf5 52. Rb7 Re8+ 53. Kf2 1-0

[Event "IECG WC.2003.F.00007 email"]
[Site "IECG email"]
[Date "2003.12.20"]
[Round "?"]
[White "Slavin, Pablo"]
[Black "Meijer, Kees"]
[Result "0-1"]
[WhiteElo "1344"]
[BlackElo "1752"]
[PlyCount "70"]
[EventDate "2003.12.20"]
[EventType "tourn (corr)"]
[EventRounds "14"]
[SourceTitle "Corr 2008"]
[Source "ChessBase"]
[SourceDate "2008.06.24"]
[SourceVersion "1"]
[SourceVersionDate "2008.06.24"]
[SourceQuality "1"]

1. e4 e5 2. Nf3 Nc6 3. d4 exd4 4. Bc4 Bc5 5. c3 Nf6 6. cxd4 Bb4+ 7. Bd2 Bxd2+ 8. Nbxd2 d5 9. exd5 Nxd5 10. Qb3 Nce7 11. 0-0 0-0 12. Ne5 c6 13. a4 Qb6 14. Qxb6 axb6 15. Ne4 Be6 16. Rfe1 Nf5 17. Nf3 Nf4 18. Ned2 Rfd8 19. Re4 Nd6 20. Rxf4 Nxc4 21. Nxc4 Bxc4 22. Nd2 Bd5 23. Kf1 b5 24. a5 Ra7 25. Ne4 b6 26. b4 bxa5 27. bxa5 Rda8 28. Nc3 Rxa5 29. Rxa5 Bc4+ 30. Ke1 Rxa5 31. Re4 Kf8 32. Re5 Ra3 33. Re3 b4 34. Nd1 Ra2 35. h4 b3 0-1